Car Model by Front bumpers #1 - Statistics

General Stats
  • This quiz has been taken 35 times
  • The average score is 6 of 16
Answer Stats
Picture Answer % Correct
Porsche 911
87%
Audi R8
77%
Ferrari F40
70%
Mclaren P1
60%
Mazda MX-5
50%
Lexus LFA
47%
Fiat Panda
40%
Hummer H1
30%
Toyota AE86 Trueno
27%
Rimac Nevera
23%
Mini Clubman
17%
Jaguar C-X75
13%
MG Metro 6R4
10%
BMW E46 M3 GTR
7%
Mitsubishi Lancer EVO VIII
7%
Peugot 405
7%
No matching quizzes found
Score Distribution
Percent of People with Each Score
Percentile by Number Answered
Your Score History
You have not taken this quiz